000 00601nam a2200169Ia 4500
008 090711s9999 xx 000 0 und d
082 _b55022
100 _aदेशपांडे ज. शा.
245 _aश्री ऋद्धीपूर माहात्म्य
260 _c1985
300 _a88
600 _aदेशपांडे ज. शा.
630 _aश्री ऋद्धीपूर माहात्म्य
700 _aदेशपांडे ज. शा.
730 _aश्री ऋद्धीपूर माहात्म्य
942 _cBOOK
999 _c291853
_d291853